[Event "AUTO-OPEN-1929"]
[Site "http://www.queenalice.com/game.php?id=753494"]
[Date "2010.3.29"]
[Round "1"]
[White "maurice91"]
[Black "tubarov"]
[Result "0-1"]
[WhiteElo "1677"]
[BlackElo "1617"]

1. f4 e6 2. Nf3 Bc5 3. e3 Nf6 4. d4 Bb6 5. Be2 d6 6. O-O c5 7. c3 Nc6 8. Na3 Ne4
9. Nc2 O-O 10. Bd3 Nf6 11. b3 e5 12. dxe5 Nd5 13. Bb2 c4 14. Be2 cxb3 15. axb3
Nxe3 16. Nxe3 Bxe3+ 17. Kh1 Bxf4 18. exd6 Bxd6 19. c4 Re8 20. Qd2 Bg4 21. h3
Bxf3 22. Bxf3 Bb4 23. Qf4 Bd6 24. Qg4 Be5 25. Rad1 Qf6 26. Bxe5 Nxe5 27. Qg3
Nxf3 28. Rxf3 Qb6 29. Rd7 Rf8 30. Rd5 Rad8 31. Rb5 Rd1+ 32. Kh2 Qg1# 0-1

[Event "Vai uma ? A 1ª !!!!!!!"]
[Site "http://www.queenalice.com/game.php?id=753767"]
[Date "2010.3.30"]
[Round "-"]
[White "frankcasadio"]
[Black "tubarov"]
[Result "1-0"]
[WhiteElo "1945"]
[BlackElo "1648"]

1. e4 e5 2. Nf3 Nc6 3. Bc4 Qf6 4. d3 Bc5 5. Nc3 Nd4 6. Nd5 Qg6 7. Nxe5 Qxg2 8.
Rf1 Ne6 9. Nxc7+ Nxc7 10. Nxf7 d5 11. Nxh8 dxc4 12. Qh5+ g6 13. Qxc5 Bh3 14. Be3
Qxf1+ 15. Kd2 Qxa1 16. Qxc7 c3+ 17. bxc3 Qxa2 18. c4 Ne7 19. Bg5 Qa3 20. Qe5 Rd8
21. Qf6 Qb4+ 22. Ke2 Rd7 23. Nf7 Ng8 24. Qf3 Bf1+ 25. Kxf1 Rxf7 26. Qg3 Kf8 27.
Qb8+ Kg7 28. Qxa7 b6 29. Qa1+ Nf6 30. e5 Ng4 31. e6+ Rf6 32. Bxf6+ Nxf6 33. Qa7+
Kh6 34. Qa1 Qe7 35. Qc1+ Kg7 36. Qe3 Qd6 37. h3 Qc5 38. Ke2 Qe7 39. Qxb6 Nh5 40.
Qd4+ Kh6 41. Qe4 Qxe6 42. Qxe6 Nf4+ 43. Ke3 Nxe6 44. Ke4 Kg5 45. d4 Kh4 46. d5
Ng5+ 47. Ke5 Nxh3 48. d6 Ng5 49. d7 1-0

[Event "Challenge"]
[Site "http://www.queenalice.com/game.php?id=759957"]
[Date "2010.4.12"]
[Round "-"]
[White "Saintsalles"]
[Black "tubarov"]
[Result "0-1"]
[WhiteElo "1699"]
[BlackElo "1644"]

1. e4 g6 2. d4 Bg7 3. Nf3 Nc6 4. d5 Ne5 5. c3 e6 6. Nxe5 Bxe5 7. c4 Qf6 8. Qe2
Ne7 9. g3 c6 10. f4 Bc7 11. e5 Qg7 12. d6 Ba5+ 13. Bd2 Bxd2+ 14. Nxd2 Nf5 15.
Nf3 f6 16. g4 Nh6 17. g5 fxg5 18. Nxg5 Nf5 19. O-O-O c5 20. Nf3 O-O 21. Bh3 b6
22. Qe4 Rb8 23. Qe2 Bb7 24. Rhf1 Qh6 25. Ng5 Nd4 26. Qe3 Qh5 27. Rd2 Nf3 28.
Nxf3 Qxh3 29. Rdf2 Rf5 30. Rg1 Rbf8 31. Rg3 Qh6 32. Rg4 Bxf3 33. Qxf3 Rxe5 34.
Qc3 Ref5 35. Qe3 e5 36. h4 Rxf4 37. Rgg2 Rxc4+ 38. Kd2 Rc2+ 39. Kd3 Qxe3+ 40.
Kxe3 Rcxf2 41. Rxf2 Rxf2 42. Kxf2 Kf7 43. Ke3 Ke6 44. Ke4 Kxd6 45. a4 Ke6 46. b3
d5+ 0-1

[Event "Game 3 (tubarov 2x0 )"]
[Site "http://www.queenalice.com/game.php?id=760117"]
[Date "2010.4.12"]
[Round "-"]
[White "MarcosT"]
[Black "tubarov"]
[Result "1-0"]
[WhiteElo "1876"]
[BlackElo "1655"]

1. e4 e5 2. Bc4 Nf6 3. Nc3 a6 4. Nf3 Nc6 5. h3 b5 6. Bb3 Nd4 7. d3 Nxb3 8. axb3
Bb4 9. Bd2 Bxc3 10. Bxc3 d6 11. O-O Bxh3 12. gxh3 h5 13. Kg2 h4 14. Rg1 Nh5 15.
Kf1 Nf4 16. Ng5 Rh5 17. Nf3 Nxh3 18. Rg2 Ng5 19. Nxe5 h3 20. Qxh5 hxg2+ 21. Kxg2
dxe5 22. Bxe5 Ne6 23. Rh1 g6 24. Qh8+ Nf8 25. Rh7 Qg5+ 26. Bg3 O-O-O 27. Qc3 Rd7
28. Rh8 Qe7 29. Qc6 Rd8 30. Qxa6+ Kd7 31. Qxb5+ c6 32. Qb7+ Ke8 33. Qxc6+ Qd7
34. Qc5 Qe7 35. Qxe7+ Kxe7 36. Bh4+ f6 37. e5 g5 38. exf6+ Kxf6 39. Bg3 Kg7 40.
Be5+ Kf7 41. Bc3 g4 42. Rh4 Ng6 43. Rxg4 Rg8 44. Ra4 Nf4+ 45. Kf3 Nd5 46. Bd2
Rf8 47. c4 Ke6+ 48. Ke4 Nf6+ 49. Kd4 Rd8+ 50. Kc3 1-0

[Event "Challenge"]
[Site "http://www.queenalice.com/game.php?id=775353"]
[Date "2010.5.14"]
[Round "-"]
[White "Dubone"]
[Black "tubarov"]
[Result "0-1"]
[WhiteElo "1710"]
[BlackElo "1726"]

1. c4 e5 2. Nc3 g6 3. g3 Bg7 4. e4 b6 5. Bg2 Bb7 6. Nge2 Nc6 7. a3 Nf6 8. d4
exd4 9. Nxd4 Nxd4 10. Qxd4 O-O 11. Qd1 Nxe4 12. Nxe4 Bxe4 13. Bxe4 Re8 14. Qf3
f5 15. O-O Rxe4 16. h4 Rg4 17. Bg5 Bf6 18. Bxf6 Qxf6 19. Qxa8+ Kg7 20. Qg2 f4
21. Qh3 Qf5 22. Rae1 Rxg3+ 23. fxg3 Qxh3 24. gxf4 Qg4+ 25. Kf2 Qxf4+ 26. Ke2
Qxc4+ 27. Kd2 Qxh4 28. Rh1 Qf6 29. Kc2 d5 30. Rhf1 Qc6+ 31. Kb1 Qd6 32. Rf2 c5
33. Rfe2 a6 34. Re6 Qf8 35. Re7+ Kf6 36. Rxh7 Qg8 37. Rhe7 Qc8 38. Re8 Qf5+ 39.
Ka2 Kf7 40. Rb8 d4 41. Rxb6 d3 42. Rd1 Qf3 43. Rd2 c4 44. Rd6 Qf4 0-1

[Event "Challenge"]
[Site "http://www.queenalice.com/game.php?id=775354"]
[Date "2010.5.14"]
[Round "-"]
[White "tubarov"]
[Black "Dubone"]
[Result "1-0"]
[WhiteElo "1709"]
[BlackElo "1727"]

1. d4 d5 2. e3 Nf6 3. Nc3 a6 4. Be2 e6 5. Bd2 Be7 6. a3 c5 7. Na4 cxd4 8. exd4
Nbd7 9. Nf3 Ne4 10. Ne5 Nxe5 11. dxe5 b5 12. Nc3 Nxd2 13. Qxd2 Bb7 14. Bf3 Bg5
15. Qd4 O-O 16. O-O f5 17. exf6 Bxf6 18. Qg4 Bxc3 19. Qxe6+ Kh8 20. bxc3 Rf6 21.
Qe5 Rb8 22. Rad1 Qd6 23. Rfe1 Rbf8 24. Rd3 h6 25. Qh5 Bc6 26. Re5 Qxa3 27. g4
Qc1+ 28. Bd1 Rf3 29. Rd4 Rxf2 30. Rf5 R2xf5 31. gxf5 Qe3+ 32. Kg2 Qxc3 33. Qg4
a5 34. Rd3 d4+ 35. Kh3 Qe1 36. Bf3 Bd7 37. Be4 a4 38. Rg3 Rg8 39. Bd5 Qf1+ 40.
Kh4 Bxf5 41. Qxd4 1-0

[Event "Game 4 (tubarov 2x1)"]
[Site "http://www.queenalice.com/game.php?id=777287"]
[Date "2010.5.18"]
[Round "-"]
[White "tubarov"]
[Black "MarcosT"]
[Result "1-0"]
[WhiteElo "1662"]
[BlackElo "1926"]

1. c4 Nf6 2. g3 c6 3. Bg2 d5 4. cxd5 cxd5 5. Nf3 Nc6 6. b3 e5 7. d3 Bb4+ 8. Nfd2
e4 9. Ba3 Qa5 10. Qc1 O-O 11. Bb2 d4 12. O-O exd3 13. exd3 Re8 14. Bxc6 bxc6 15.
Bxd4 Bb7 16. Nc3 Qh5 17. Nce4 Nxe4 18. Nxe4 c5 19. Bxg7 Kxg7 20. Qb2+ Re5 21. f4
Re8 22. fxe5 Rxe5 23. Nd6 Bd5 24. Rf5 f6 25. Rxh5 Rxh5 26. Ne8+ Kf7 27. Nxf6 1-0

[Event "FK 1 X TUBARÃO 0"]
[Site "http://www.queenalice.com/game.php?id=783193"]
[Date "2010.5.30"]
[Round "-"]
[White "frankcasadio"]
[Black "tubarov"]
[Result "1/2-1/2"]
[WhiteElo "1912"]
[BlackElo "1701"]

1. e4 b6 2. Bc4 Nf6 3. Nc3 e6 4. d4 Bb4 5. Bg5 h6 6. Bh4 g5 7. Bg3 Nxe4 8. Ne2
Nxc3 9. Nxc3 Ba6 10. Qd3 Bxc3+ 11. Qxc3 d5 12. Bxa6 Nxa6 13. Qc6+ Kf8 14. a3 Rc8
15. Qb7 Nb8 16. Qxa7 Nc6 17. Qb7 Nxd4 18. O-O-O Ne2+ 19. Kb1 Nxg3 20. hxg3 Kg7
21. f4 Qd7 22. Qa6 c5 23. Qxb6 Qe7 24. fxg5 Qxg5 25. Qb3 c4 26. Qc3+ f6 27. Rdf1
e5 28. Qf3 e4 29. Qc3 Rhf8 30. Rf4 Rce8 31. Rfh4 Rh8 32. Rh5 Qg6 33. Rxd5 e3 34.
Rd6 Qxg3 35. Rxf6 Qe5 36. Qxe5 Rxe5 37. Rff1 Rf8 38. Re1 Rf2 39. Kc1 Kg6 40. Rh3
e2 41. Kd2 Rxg2 42. Re3 Kf5 43. Rxe5+ Kxe5 44. Rxe2+ Rxe2+ 45. Kxe2 Kd4 46. c3+
Ke4 47. Kf2 Kf4 48. Kg2 Ke5 49. Kg3 Kd6 50. Kg4 Kc5 51. Kh5 Kb5 52. Kxh6 Ka4 53.
Kg6 Kb3 54. Kf5 Kxb2 55. a4 Kxc3 56. a5 Kd2 57. a6 c3 58. a7 c2 59. a8=Q c1=Q
60. Qa5+ 1/2-1/2

[Event "Challenge"]
[Site "http://www.queenalice.com/game.php?id=784043"]
[Date "2010.6.1"]
[Round "-"]
[White "Saintsalles"]
[Black "tubarov"]
[Result "0-1"]
[WhiteElo "1673"]
[BlackElo "1686"]

1. e4 e5 2. Bc4 Nf6 3. d3 Be7 4. Bg5 d5 5. exd5 Nxd5 6. Qf3 Be6 7. Bxe7 Kxe7 8.
Ne2 Re8 9. O-O Kf8 10. Nd2 Nc6 11. Ne4 Nd4 12. Nxd4 exd4 13. Rae1 Nb6 14. Bxe6
Rxe6 15. Nc5 Rxe1 16. Rxe1 Qg5 17. Ne4 Re8 18. Qxf7+ Kxf7 19. Nxg5+ Kf8 20.
Rxe8+ Kxe8 21. Nxh7 Nd5 22. a3 Nf4 23. Ng5 b5 24. g3 Nd5 25. Ne6 Kf7 26. Nxd4 a6
27. c4 bxc4 28. dxc4 Ne7 29. b4 Kf6 30. f3 Ke5 31. Ne2 Nf5 32. Kf2 Nd4 33. Nc3
Nc2 34. Nb1 Kd4 35. c5 c6 36. Ke2 Ne3 37. h4 Nf5 38. Kf2 Kd3 39. h5 Kc2 40. g4
Ne7 41. Nd2 Kxd2 42. a4 Kc3 43. b5 cxb5 44. axb5 axb5 45. Ke3 Kc4 46. g5 Kxc5
47. Kd3 b4 48. h6 gxh6 49. gxh6 Ng6 50. h7 Nh8 51. Kc2 Kc4 52. f4 b3+ 53. Kb2
Kb4 54. f5 Nf7 55. f6 Nh8 56. Kb1 Kc3 57. Kc1 b2+ 58. Kb1 Nf7 0-1

[Event "Challenge"]
[Site "http://www.queenalice.com/game.php?id=784044"]
[Date "2010.6.1"]
[Round "-"]
[White "tubarov"]
[Black "Saintsalles"]
[Result "1-0"]
[WhiteElo "1677"]
[BlackElo "1711"]

1. c4 e5 2. Nc3 Bb4 3. Ne4 d6 4. a3 Ba5 5. g3 Bf5 6. Bg2 c6 7. b4 Bb6 8. Nxd6+
Qxd6 9. c5 Qd4 10. Rb1 Bxb1 11. Nf3 Qd5 12. O-O Bc7 13. Bb2 Be4 14. d3 Bg6 15.
Nxe5 Qe6 16. Nxc6 f6 17. Nd4 Qe7 18. Bxb7 Nh6 19. Qa4+ Nd7 20. Bxa8 O-O 21. Bd5+
Bf7 22. Bxf7+ Nxf7 23. Qxa7 Nb8 24. f4 Nd8 25. Qa8 Ne6 26. Qd5 Re8 27. f5 Be5
28. Nxe6 Kh8 29. Bxe5 fxe5 30. Nxg7 Qxg7 31. f6 Qf8 32. Rf5 Rd8 33. Qxe5 Qf7 34.
Qe7 Rd7 35. Qxf7 Rxf7 36. e4 Nc6 37. e5 Nd4 38. Rf2 h5 39. a4 Nc6 40. e6 Rc7 41.
f7 Rc8 42. f8=Q+ Rxf8 43. Rxf8+ Kg7 44. Rf7+ Kg8 45. b5 Nd8 46. Rg7+ Kf8 47. e7+
Ke8 48. exd8=Q+ Kxd8 49. Rh7 1-0

[Event "Game 5 - (Tubarov 3x1)"]
[Site "http://www.queenalice.com/game.php?id=787361"]
[Date "2010.6.8"]
[Round "-"]
[White "MarcosT"]
[Black "tubarov"]
[Result "1-0"]
[WhiteElo "1891"]
[BlackElo "1689"]

1. e4 e5 2. Bc4 Nf6 3. d3 d5 4. exd5 Nxd5 5. Qh5 Be6 6. Qxe5 Nd7 7. Qe4 Nc5 8.
Qf3 Be7 9. Nh3 O-O 10. O-O Nb4 11. Na3 Bxc4 12. dxc4 a6 13. Qg4 Bd6 14. Bh6
Bxh2+ 15. Kxh2 Qd6+ 16. Bf4 Qg6 17. Qxg6 fxg6 18. Bxc7 Ne4 19. c3 Nd3 20. Kg1
Rac8 21. Bb6 Nxb2 22. Rab1 Nxc4 23. Nxc4 Rxc4 24. Bd4 Nd2 25. Rxb7 Nxf1 26.
Rxg7+ Kh8 27. Rc7+ Rxd4 28. cxd4 Nd2 29. Ng5 h5 30. d5 Kg8 31. d6 Rd8 32. d7 1-0

[Event "Outra de uma vez, pra adiantar !"]
[Site "http://www.queenalice.com/game.php?id=788064"]
[Date "2010.6.10"]
[Round "-"]
[White "frankcasadio"]
[Black "tubarov"]
[Result "1-0"]
[WhiteElo "1971"]
[BlackElo "1681"]

1. e4 e5 2. Nf3 Bd6 3. Bc4 Nc6 4. d4 exd4 5. Nxd4 Ne5 6. Bb3 Bc5 7. Be3 Qh4 8.
Nc3 Nf6 9. Nf5 Qg4 10. Qxg4 Nexg4 11. Bxc5 d6 12. Bd4 Nxe4 13. Nxg7+ Kd7 14.
Nxe4 f5 15. Nxf5 Rf8 16. Ng7 Rf4 17. f3 d5 18. Bxd5 c6 19. Be6+ Ke7 20. Bxc8
Rxc8 21. Nh5 Rf5 22. fxg4 Rd5 23. O-O-O 1-0

[Event "Game 6/2010 (Tubarov 3x2)"]
[Site "http://www.queenalice.com/game.php?id=797381"]
[Date "2010.7.1"]
[Round "-"]
[White "tubarov"]
[Black "MarcosT"]
[Result "0-1"]
[WhiteElo "1694"]
[BlackElo "1900"]

1. c4 Nf6 2. g3 e6 3. Bg2 d5 4. Nh3 h6 5. Nf4 c6 6. cxd5 cxd5 7. O-O Bd6 8. d3
O-O 9. e4 dxe4 10. dxe4 e5 11. Nd5 Nxd5 12. exd5 Nd7 13. Qa4 Nc5 14. Qc4 a6 15.
Nc3 b5 16. Qe2 Bb7 17. Ne4 Bxd5 18. Nf6+ Qxf6 19. Bxd5 Rad8 20. Be3 Rc8 21. f4
Rfe8 22. Rac1 exf4 23. gxf4 Bxf4 24. Rxf4 Qxf4 25. Rf1 Qxe3+ 26. Qxe3 Rxe3 27.
Rxf7 Kh7 0-1

[Event "Game 7 (Desempate)"]
[Site "http://www.queenalice.com/game.php?id=808687"]
[Date "2010.7.25"]
[Round "-"]
[White "MarcosT"]
[Black "tubarov"]
[Result "0-1"]
[WhiteElo "1718"]
[BlackElo "1741"]

1. e4 c6 2. Bc4 e6 3. Nc3 d5 4. exd5 cxd5 5. Bb3 Bd7 6. Nf3 Nf6 7. d3 Bc5 8. O-O
Ng4 9. d4 Bd6 10. h3 Nf6 11. a3 O-O 12. Bg5 Nc6 13. Re1 Re8 14. Ba2 Be7 15. Ne5
Nxe5 16. dxe5 Ne4 17. Bxe7 Qxe7 18. Nxe4 dxe4 19. Rxe4 Rad8 20. Qf3 Bc6 21. Rae1
Rd4 22. c3 Bxe4 23. Rxe4 Rxe4 24. Qxe4 Rd8 25. Kh2 Rd2 26. Bb1 g6 27. f3 Rxb2
28. Bd3 Qxa3 29. h4 h5 30. Kh3 Qa1 31. Kg3 Rb3 32. c4 Qc3 33. Be2 Rb4 34. Kf4
Rb2 35. g4 Qd2+ 36. Kg3 Qxe2 0-1

[Event "AEAP 2010"]
[Site "http://www.queenalice.com/game.php?id=819396"]
[Date "2010.8.17"]
[Round "1"]
[White "tubarov"]
[Black "SallesAndre"]
[Result "0-1"]
[WhiteElo "1763"]
[BlackElo "1882"]

1. c4 e6 2. Nc3 Nf6 3. g3 Bb4 4. Nb5 c6 5. Nd4 e5 6. Qa4 Bxd2+ 7. Bxd2 exd4 8.
Bg2 O-O 9. Nf3 c5 10. b4 d6 11. bxc5 dxc5 12. Qb5 b6 13. Ne5 Bd7 14. Nxd7 Nbxd7
15. Bxa8 Qxa8 16. O-O-O Ne4 17. Be1 Ndf6 18. f3 Nd6 19. Qb3 Ng4 20. Rd3 Ne3 21.
Rxe3 dxe3 22. g4 f5 23. Bg3 Qc6 24. Bxd6 Qxd6 25. Qxe3 Qf6 26. Kc2 fxg4 27. Rf1
Qg6+ 28. Qd3 Qxd3+ 29. Kxd3 gxf3 30. Rxf3 Rxf3+ 31. exf3 Kf7 32. Ke4 Ke6 33. h4
g6 34. f4 a6 35. a4 a5 0-1

[Event "New Challenge"]
[Site "http://www.queenalice.com/game.php?id=834793"]
[Date "2010.9.18"]
[Round "-"]
[White "tubarov"]
[Black "MarcosT"]
[Result "1/2-1/2"]
[WhiteElo "1756"]
[BlackElo "1660"]

1. c4 Nf6 2. g3 e6 3. Bg2 d5 4. Nc3 c6 5. d3 Be7 6. e3 O-O 7. Nh3 Re8 8. O-O a6
9. cxd5 cxd5 10. d4 b5 11. e4 Bb7 12. e5 Ne4 13. Nf4 Nxc3 14. bxc3 h6 15. Bh3
Nc6 16. Bxe6 fxe6 17. Nxe6 Qd7 18. Qg4 Bg5 19. f4 Qxe6 20. f5 Qe7 21. f6 Qf7 22.
Bxg5 hxg5 23. Rae1 Na5 24. Qxg5 g6 1/2-1/2

[Event "New Challenge"]
[Site "http://www.queenalice.com/game.php?id=853971"]
[Date "2010.11.3"]
[Round "-"]
[White "MarcosT"]
[Black "tubarov"]
[Result "0-1"]
[WhiteElo "1639"]
[BlackElo "1752"]

1. e4 d5 2. exd5 Qxd5 3. Nc3 Qe6+ 4. Be2 Nc6 5. Nf3 Ne5 6. Nxe5 Qxe5 7. O-O b6
8. Re1 Bd7 9. d4 Qa5 10. a3 e6 11. b4 Bxb4 12. Bd2 Bxc3 13. Bxc3 Qxc3 14. d5
O-O-O 15. Ba6+ Kb8 16. d6 Nf6 17. Re3 Qa5 18. Qd3 Nd5 19. Qc4 b5 20. dxc7+ Nxc7
21. Bxb5 Bxb5 22. Rb1 Ka8 23. Qe4+ Nd5 24. Qf3 Bc6 25. Reb3 Rb8 26. Qxf7 Rxb3
27. cxb3 Qc7 28. Qxg7 Qxg7 0-1

[Event "Challenge 2011"]
[Site "http://www.queenalice.com/game.php?id=895717"]
[Date "2011.2.4"]
[Round "-"]
[White "tubarov"]
[Black "MarcosT"]
[Result "1-0"]
[WhiteElo "1741"]
[BlackElo "1695"]

1. c4 e5 2. g3 Nf6 3. Bg2 Bc5 4. Nc3 O-O 5. Nf3 d6 6. Ng5 h6 7. Nge4 Nxe4 8.
Nxe4 Bb6 9. d3 Nc6 10. a3 Bf5 11. b4 a6 12. Bb2 Nd4 13. c5 dxc5 14. Nxc5 Bxc5
15. bxc5 c6 16. e4 Be6 17. Qh5 Nc2+ 18. Ke2 Nxa1 19. Bxa1 Qg5 20. Qxg5 hxg5 21.
Bxe5 f6 22. Bd6 Rfe8 23. f4 gxf4 24. gxf4 Rad8 25. h4 b6 26. Bc7 Rd4 27. cxb6
Bc8 28. e5 Bb7 29. Rc1 fxe5 30. f5 Rxh4 31. Bxc6 Rh2+ 32. Ke3 Rh3+ 33. Ke4 Rh4+
34. Kd5 Rd4+ 35. Kc5 Bxc6 36. Kxc6 Rxd3 37. a4 e4 38. b7 Rb3 39. Rd1 Rc3+ 40.
Kd7 Rd3+ 41. Kxe8 Rxd1 42. b8=Q Rd3 43. Ke7+ Kh7 44. Bf4 1-0

[Event "Vamos 1?"]
[Site "http://www.queenalice.com/game.php?id=925793"]
[Date "2011.4.14"]
[Round "-"]
[White "frankcasadio"]
[Black "tubarov"]
[Result "1-0"]
[WhiteElo "1928"]
[BlackElo "1762"]

1. e4 e5 2. Nf3 Nc6 3. Bc4 Nf6 4. Ng5 d5 5. exd5 Nxd5 6. Nxf7 Kxf7 7. Qf3+ Ke6
8. Nc3 Ne7 9. O-O c6 10. Re1 Kd6 11. Qe4 Kc7 12. Qxe5+ Qd6 13. Nxd5+ cxd5 14.
Bb3 Qxe5 15. Rxe5 Kd6 16. d4 b5 17. Bf4 Kc6 18. Bg5 Kd6 19. Rae1 Bb7 20. Bxe7+
Kd7 21. Bxf8 Rhxf8 22. Re7+ Kc8 23. Rxg7 Bc6 24. Ree7 Kb8 25. Rxh7 a5 26. c3 Ra6
27. Bd1 Rb6 28. h3 Rb7 29. Rxb7+ Bxb7 30. Bf3 Re8 31. Kf1 Rd8 32. g4 Ba6 33. Kg1
Bb7 34. g5 Bc8 35. h4 Bf5 36. Rh6 Kc7 37. Ra6 a4 38. h5 Rd6 39. Ra7+ Kb6 40. Re7
Re6 41. Rf7 Be4 42. Bxe4 Rxe4 43. Rf6+ Kc7 44. Kf1 Kd7 45. h6 Ke7 46. h7 Rh4 47.
Rb6 Kf8 48. g6 Kg7 49. Rb8 Kxg6 50. h8=Q Rxh8 51. Rxh8 Kf5 52. Rb8 Ke4 53. Rxb5
Kd3 54. Rxd5 Kc2 55. Rb5 Kb1 56. Ke1 Kxa2 57. d5 Kb1 58. d6 Kc2 59. d7 a3 60.
bxa3 Kxc3 61. d8=Q Kc4 62. Qd5+ Kc3 63. Rb3+ 1-0

[Event "Vai uma aí arrojado ???"]
[Site "http://www.queenalice.com/game.php?id=927974"]
[Date "2011.4.20"]
[Round "-"]
[White "frankcasadio"]
[Black "tubarov"]
[Result "1/2-1/2"]
[WhiteElo "1919"]
[BlackElo "1755"]

1. e4 d5 2. exd5 Qxd5 3. Nc3 Qa5 4. Qf3 Nf6 5. Bc4 e6 6. Bb5+ c6 7. Ba4 b5 8.
Bxb5 Bb7 9. a3 Qc7 10. Ba4 Be7 11. Nge2 O-O 12. d3 Nbd7 13. h4 Ne5 14. Qg3 Nh5
15. Qh3 Rfd8 16. Bf4 Nxd3+ 17. cxd3 Nxf4 18. Nxf4 Qxf4 19. Bc2 Ba6 20. Rd1 Bc5
21. O-O Be7 22. g3 Qf3 23. Qg2 Qxg2+ 24. Kxg2 Bf6 25. Rfe1 Bb7 26. Kg1 Bxc3 27.
bxc3 Rab8 28. d4 Ba6 29. Re5 Bc4 30. Rc5 Bb3 31. Bxb3 Rxb3 32. Ra1 Rd6 33. Kg2
g6 34. Kf3 f6 35. Ra2 Rxd4 36. Rxc6 Rd3+ 37. Kg2 Rdxc3 38. Rxe6 Rxa3 39. Rae2
Rc7 40. Rxf6 Rac3 41. Re8+ Kg7 42. Ra6 Rf7 43. Ra8 Rc2 44. R8xa7 Rxf2+ 45. Kh3
h5 46. Rxf7+ Kxf7 47. Rb6 Re2 48. Rc6 Re6 49. Rc3 Re5 50. g4 Re1 51. Rf3+ Ke6
52. g5 Ke7 53. Kg3 Re6 54. Kf4 Kd6 55. Rb3 Kd5 56. Ra3 Kd4 57. Ra4+ Kd5 58. Rb4
Kc5 59. Ra4 Kd5 60. Kf3 Re5 61. Ra5+ 1/2-1/2

[Event "Challenge 2 - 2011 (A 1X0)"]
[Site "http://www.queenalice.com/game.php?id=945353"]
[Date "2011.6.2"]
[Round "-"]
[White "MarcosT"]
[Black "tubarov"]
[Result "0-1"]
[WhiteElo "1711"]
[BlackElo "1753"]

1. e4 e5 2. Bc4 c6 3. Qh5 Qf6 4. Nf3 Ne7 5. Nc3 g6 6. Qxe5 Bg7 7. Qxf6 Bxf6 8.
h3 Bxc3 9. dxc3 d5 10. exd5 cxd5 11. Bb3 Be6 12. Bh6 Nbc6 13. O-O O-O-O 14. Rfe1
Nf5 15. Bg5 Rde8 16. Rad1 h6 17. Bf6 Rhg8 18. Nd4 Nfxd4 19. cxd4 b5 20. a4 b4
21. c4 dxc4 22. Bxc4 Bxc4 23. Rxe8+ Rxe8 24. Rc1 Bd5 25. b3 Kb7 26. Rc5 Bxb3 27.
d5 Bxa4 28. dxc6+ Kb6 29. Rc1 Bxc6 30. Bd4+ Kb7 31. Ra1 a6 32. Kh2 Rd8 33. Be3
h5 34. Re1 Re8 35. Rb1 a5 36. Ra1 a4 37. Bd4 Re2 38. h4 b3 39. Rb1 Be4 40. Ra1
Bc6 41. Kg3 Ka6 42. Bf6 Kb5 43. f3 Kb4 44. Kf4 Rxg2 45. Be7+ Kc3 46. Bf6+ Kc2
47. Ke3 Rd2 48. Bb2 Rd1 49. Rxd1 Kxd1 50. Kd3 Bxf3 51. Kc3 Ke2 52. Kb4 Bc6 53.
Ba3 f5 54. Kc3 f4 0-1

[Event "Challenge do Arrojado"]
[Site "http://www.queenalice.com/game.php?id=960585"]
[Date "2011.7.15"]
[Round "-"]
[White "tubarov"]
[Black "rockaudrey"]
[Result "0-1"]
[WhiteElo "1758"]
[BlackElo "1961"]

1. c4 c5 2. g3 Nf6 3. Bg2 d6 4. Nc3 Nc6 5. Qa4 Bd7 6. d3 Nd4 7. Qd1 Qc7 8. Bg5
Bc6 9. Nf3 Nxf3+ 10. exf3 Qb6 11. Qd2 Nd7 12. O-O g6 13. Rfe1 e6 14. Bh6 Be7 15.
Bg7 Rg8 16. Qh6 O-O-O 17. Re2 Bf6 18. Bxf6 Nxf6 19. Ne4 Nxe4 20. fxe4 Qc7 21. b3
Rh8 22. a4 Qa5 23. Qg7 Rdf8 24. Qf6 h5 25. Qe7 Qd8 26. Qxd8+ Kxd8 27. e5 Bxg2
28. Kxg2 Kd7 29. f4 h4 30. g4 Rc8 31. Re3 Rc6 32. h3 Rb6 33. d4 cxd4 34. Rd3 Kc7
35. Kf3 dxe5 36. fxe5 Rd8 37. Kf4 Kc6 38. Kg5 Rh8 39. Kf6 Rh7 40. a5 Ra6 41.
Rxd4 Kc5 42. Rd7 Kb4 43. Rxb7+ Kc5 0-1

[Event "Challenge do Nerd Arrojado..."]
[Site "http://www.queenalice.com/game.php?id=960586"]
[Date "2011.7.15"]
[Round "-"]
[White "rockaudrey"]
[Black "tubarov"]
[Result "1-0"]
[WhiteElo "1952"]
[BlackElo "1767"]

1. e4 b6 2. d4 e5 3. Nf3 Bb7 4. d5 Nf6 5. Nc3 Bb4 6. Bg5 h6 7. Bxf6 Bxc3+ 8.
bxc3 Qxf6 9. Be2 c6 10. c4 Na6 11. O-O Nc5 12. c3 Nxe4 13. dxc6 Bxc6 14. Qc2 O-O
15. Bd3 Ng5 16. Nxg5 Qxg5 17. Be4 Bxe4 18. Qxe4 Qe7 19. Rfe1 d6 20. Re3 Qe6 21.
h3 Rac8 22. Qb7 Rxc4 23. Qxa7 Qg6 24. Qxb6 Rh4 25. Rg3 Qf6 26. a4 e4 27. a5 Rf4
28. a6 d5 29. Qxf6 Rxf6 30. a7 Ra8 31. c4 dxc4 32. Rc3 Rc6 33. Ra4 Rc7 34. Rcxc4
Rxc4 35. Rxc4 Rxa7 36. Rxe4 f5 37. Re5 Rf7 38. f4 Kh7 39. Kf2 Kg6 40. Kf3 Rd7
41. Re6+ Kf7 42. Re3 Kf6 43. Rb3 1-0